[Event "ch-USA w 2013"]
[Site "Saint Louis USA"]
[Date "2013.05.06"]
[Round "4"]
[White "Baginskaite, Camilla"]
[Black "Kats, Alena"]
[Result "1/2-1/2"]
[WhiteElo "2278"]
[BlackElo "2144"]
[PlyCount "157"]
[EventDate "2013.05.03"]

1. d4 d5 2. c4 c6 3. Nf3 Nf6 4. e3 e6 5. Bd3 dxc4 6. Bxc4 b5 7. Bd3 a6 8. a4
Bb7 9. O-O Nbd7 10. e4 Be7 11. Bg5 h6 12. Bd2 g5 13. Nc3 b4 14. e5 bxc3 15.
exf6 Nxf6 16. Bxc3 Qd5 17. Qe2 g4 18. Ne1 h5 19. Bc4 Qe4 20. f3 Qxe2 21. Bxe2
Nd5 22. fxg4 hxg4 23. Nd3 Bg5 24. Bxg4 Ne3 25. Bf3 Nxf1 26. Rxf1 Rh6 27. Nc5
Be3+ 28. Kh1 O-O-O 29. Rd1 Rdh8 30. h3 Rg8 31. Rd3 Bf4 32. Ba5 Bc7 33. Bd2 Rf6
34. Rb3 Ba8 35. Nxa6 Rf5 36. Nxc7 Kxc7 37. Be4 Rf1+ 38. Kh2 Rf2 39. Be3 Rf1 40.
Bd3 Ra1 41. Bh7 Rg7 42. Be4 f5 43. Bf3 Rxa4 44. Bf4+ Kd7 45. Rb8 Re7 46. Be5
Re8 47. Rb6 Rc8 48. b4 Ra7 49. h4 Ke8 50. Kg3 Kf7 51. Kf4 Rb7 52. Rxb7+ Bxb7
53. Bh5+ Ke7 54. Bg6 Rg8 55. h5 Bc8 56. Kg5 Bd7 57. Bf6+ Kf8 58. Kh6 Be8 59.
Kh7 Bf7 60. g3 Ke8 61. Kh6 Kf8 62. Kh7 Ke8 63. Kh6 Kf8 64. Be5 Ke7 65. Kg5 Bxg6
66. hxg6 Ra8 67. Kh6 Rg8 68. Kg5 Rb8 69. Kh6 Rc8 70. Kh7 Re8 71. Kg7 Ra8 72.
Bf6+ Ke8 73. Kh7 Rb8 74. Be5 Rc8 75. Kh6 Kf8 76. Kg5 Ke7 77. Kf4 Ra8 78. g7 Kf7
79. Ke3 1/2-1/2